|
|
|
|
| LEADER |
00973nab a2200229 i 4500 |
| 001 |
tort489 |
| 005 |
20221117095633.0 |
| 008 |
221117s2002 hu o 0|| zxx d |
| 022 |
|
|
|a 0133-0500
|
| 040 |
|
|
|a PEREPO TORTENET
|b hun
|
| 041 |
|
|
|a zxx
|
| 245 |
0 |
0 |
|a Tanévnyitó a számvitelin
|h [elektronikus dokumentum]
|
| 260 |
|
|
|a Zalai Hírlap Kiadói Bt.
|b Zalaegerszeg, Magyarország
|c 2002-09-12
|
| 300 |
|
|
|a 1-4
|
| 490 |
0 |
|
|a Zalai Hírlap
|v 58 No. 213
|
| 695 |
|
|
|a tanévnyitó - tanévkezdés
|
| 695 |
|
|
|a Budapesti Gazdasági Főiskola Pénzügyi és Számviteli Kar Zalaegerszegi Intézete - BGF PSZK ZI
|
| 695 |
|
|
|a Roóz József dr.
|
| 695 |
|
|
|a Tóth József dr.
|
| 695 |
|
|
|a kreditrendszer
|
| 695 |
|
|
|a Neptun - hallgatói információs rendszer
|
| 856 |
4 |
0 |
|u https://perepo-tortenet.uni-pannon.hu/id/eprint/489/1/2002-09-12_zalai_h%C3%ADrlap_Tan%C3%A9vnyit%C3%B3%20a%20sz%C3%A1mvitelin%20%2858.%20%C3%A9vf.%20213.%20sz.%2C%20p.%201.%2C%204.%29.pdf
|z Dokumentum-elérés
|